Sopan dan anggun : gaya pengantin bertudung

Bibliographic Details
Main Author: Yasmin Siddik
Format: Book
Published: Kuala Lumpur : Utusan Publication & Distributors Sdn.Bhd. , 2007
Subjects:

MARC

LEADER 00000cam a2200000 7i4500
001 0000111727
005 20080118.0
020 |a 9789676119385 
090 0 0 |a 646.48   |b YAS 
100 0 |a Yasmin Siddik 
245 1 0 |a Sopan dan anggun :   |b gaya pengantin bertudung   |c Yasmin Siddik 
260 |a Kuala Lumpur :   |b Utusan Publication & Distributors Sdn.Bhd. ,   |c 2007 
300 |a 97p. :   |b ill. ;   |c 30cm. 
650 0 0 |a Dress accessories 
650 0 0 |a Fashion 
650 0 0 |a Scarves 
999 |a 00208551   |b BUKU   |c PINJAMAN   |e PERPUSTAKAAN KOMUNITI PETALING JAYA 
999 |a 00280332   |b BUKU   |c PINJAMAN   |e PERPUSTAKAAN KOMUNITI CAW TAMAN MEDAN